Συμβουλευτική γονέων που έχουν παιδιά με μαθησιακές δυσκολίες : διπλωματική εργασία [μεταπτυχιακή εργασία]

Αποθηκεύτηκε σε:
Λεπτομέρειες βιβλιογραφικής εγγραφής
Κύριος συγγραφέας: Ψαραδέλλης, Ευστράτιος Γ.
Συγγραφή απο Οργανισμό/Αρχή: Πανεπιστήμιο Αιγαίου Σχολή Ανθρωπιστικών Επιστημών Τμήμα Επιστημών της Προσχολικής Αγωγής και του Εκπαιδευτικού Σχεδιασμού Πρόγραμμα Μεταπτυχιακών Σπουδών Μοντέλα Σχεδιασμού και Ανάπτυξης Εκπαιδευτικών Μονάδων
Άλλοι συγγραφείς: Πολεμικός, Νικήτας Ε. (Εισηγητής διατριβής)
Μορφή: Thesis Βιβλίο
Γλώσσα:Greek
Δημοσίευση: 2010
Θέματα:
Διαθέσιμο Online:http://hdl.handle.net/11610/14177
Ετικέτες: Προσθήκη ετικέτας
Δεν υπάρχουν, Καταχωρήστε ετικέτα πρώτοι!

MARC

LEADER 00000cam a2200000 i 4500
001 1/13328
008 110530s2010 gre d
035 |l 10110156 
040 |a GR-MY-UA  |b gre  |e aacr 
041 0 |a gre 
082 0 |a 371.926  |2 (22) 
100 1 |a Ψαραδέλλης, Ευστράτιος Γ. 
245 1 0 |a Συμβουλευτική γονέων που έχουν παιδιά με μαθησιακές δυσκολίες :  |b διπλωματική εργασία [μεταπτυχιακή εργασία] /  |c Ευστράτιος Γ. Ψαραδέλλης ; επιβλέπων: Νικήτας Πολεμικός 
260 |c 2010 
300 |a 271 σ.;  |b πιν.;  |c 30 εκ. 
500 |a Μέλη εξεταστικής επιτροπής: Καϊλα Μαρία, Ποτίτσα Ξανθάκου 
502 |a Διατριβή (μεταπτυχιακή) – Πανεπιστήμιο Αιγαίου, Ρόδος, 2010. 
504 |a Βιβλιογραφία: σ. 244-268 
650 0 0 |a Learning disabilities. 
650 0 0 |a Children with disabilities  |x Education. 
650 0 0 |a Parenting  |x Psychological aspects. 
650 0 0 |a Dissertations, Academic  |z Greece. 
700 1 |a Πολεμικός, Νικήτας Ε.  |4 ths 
710 2 |a Πανεπιστήμιο Αιγαίου   |b Σχολή Ανθρωπιστικών Επιστημών   |b Τμήμα Επιστημών της Προσχολικής Αγωγής και του Εκπαιδευτικού Σχεδιασμού   |b Πρόγραμμα Μεταπτυχιακών Σπουδών Μοντέλα Σχεδιασμού και Ανάπτυξης Εκπαιδευτικών Μονάδων . 
852 |a INST  |b RHODES  |c DIATR  |e 20110530  |h 371.926 ΨΑΡ  |p 005400033230  |q 005400033230  |t MTXE  |y 23 
852 |a INST  |b RHODES  |c DIATR  |e 20110530  |h 371.926 ΨΑΡ  |p 005400033602  |q 005400033602  |t MTXE  |y 23 
856 |u http://hdl.handle.net/11610/14177 
901 |a BIBL4-2011-2 
909 |a Ρ  |b 163582 
909 |a Ρ  |b 163583 
924 |a ΨΑΡΑΔΕΛΛΗΣ  |b ΕΥΣΤΡΑΤΙΟΣ Γ.  |y ΡΟΔΟΣ  |z 2011-05 
970 |z 2010/05/